Disastrous forest fires: management and control (Record no. 117323)

000 -LEADER
fixed length control field 01457pab a2200193 454500
008 - FIXED-LENGTH DATA ELEMENTS--GENERAL INFORMATION
fixed length control field 180718b2018 xxu||||| |||| 00| 0 eng d
100 ## - MAIN ENTRY--PERSONAL NAME
Personal name Vasudeva, S.P.
245 ## - TITLE STATEMENT
Title Disastrous forest fires: management and control
260 ## - PUBLICATION, DISTRIBUTION, ETC.
Date of publication, distribution, etc. 2018
300 ## - PHYSICAL DESCRIPTION
Extent p.237-253.
362 ## - DATES OF PUBLICATION AND/OR SEQUENTIAL DESIGNATION
Dates of publication and/or sequential designation Jun
520 ## - SUMMARY, ETC.
Summary, etc. Forest fires are the most common hazard in forests causing havoc with biodiversity. Forest fires may occur naturally; however, about 80 per cent of forest fires in the world are caused by human beings. Forest Survey of India estimates that about half of the country?s forests are affected by fire. The negative effects of forest fires override the beneficial effects requiring their strategic management. Management of forest fires through the disaster management continuum would lead to systematic tackling with better results. Involvement of communities with their viewpoint in devising strategy for forest fire prevention and control is required. Integrated approach incorporating ecological, economic, social, cultural and religious considerations, and rational knowledge of local people through consultative process to be considered by a fully accountable nodal department would go a long way in managing this disastrous menace. - Reproduced.
650 ## - SUBJECT ADDED ENTRY--TOPICAL TERM
Topical term or geographic name entry element SDGS
650 ## - SUBJECT ADDED ENTRY--TOPICAL TERM
Topical term or geographic name entry element National disaster management authority
650 ## - SUBJECT ADDED ENTRY--TOPICAL TERM
Topical term or geographic name entry element Forest fires - India
650 ## - SUBJECT ADDED ENTRY--TOPICAL TERM
Topical term or geographic name entry element Forest fires
773 ## - HOST ITEM ENTRY
Main entry heading Indian Journal of Public Administration
909 ## -
-- 117329
Holdings
Withdrawn status Lost status Damaged status Not for loan Permanent Location Current Location Date acquired Serial Enumeration / chronology Barcode Date last seen Price effective from Koha item type
        Indian Institute of Public Administration Indian Institute of Public Administration 2018-07-19 Volume no: 64, Issue no: 2 AR117789 2018-07-19 2018-07-19 Articles

Powered by Koha